Materials and Reliability Handbook for Semiconductor Optical and Electron Devices (Record no. 21085)

MARC details
000 -LEADER
fixed length control field 00882nam a2200241Ia 4500
003 - CONTROL NUMBER IDENTIFIER
control field IN-BaIIA
008 - FIXED-LENGTH DATA ELEMENTS--GENERAL INFORMATION
fixed length control field 211028s9999 xx s 000 0 eng d
020 ## - INTERNATIONAL STANDARD BOOK NUMBER
International Standard Book Number 978-1-4614-4336-0 (Print)
020 ## - INTERNATIONAL STANDARD BOOK NUMBER
International Standard Book Number 978-1-4614-4337-7 (Online)
040 ## - CATALOGING SOURCE
Transcribing agency IIA Library
100 ## - MAIN ENTRY--PERSONAL NAME
Personal name Ueda, Osamu
9 (RLIN) 39078
245 #0 - TITLE STATEMENT
Title Materials and Reliability Handbook for Semiconductor Optical and Electron Devices
Medium [eBook]
260 ## - PUBLICATION, DISTRIBUTION, ETC.
Place of publication, distribution, etc. New York
Name of publisher, distributor, etc. Springer New York
Date of publication, distribution, etc. 2013
300 ## - PHYSICAL DESCRIPTION
Extent Online resource
650 ## - SUBJECT ADDED ENTRY--TOPICAL TERM
Topical term or geographic name entry element Electronic Circuits and Devices
9 (RLIN) 38434
650 ## - SUBJECT ADDED ENTRY--TOPICAL TERM
Topical term or geographic name entry element Electronics and Microelectronics, Instrumentation
9 (RLIN) 38587
650 ## - SUBJECT ADDED ENTRY--TOPICAL TERM
Topical term or geographic name entry element Optical and Electronic Materials
650 ## - SUBJECT ADDED ENTRY--TOPICAL TERM
Topical term or geographic name entry element Optics, Lasers, Photonics, Optical Devices
650 ## - SUBJECT ADDED ENTRY--TOPICAL TERM
Topical term or geographic name entry element Physics
9 (RLIN) 73
700 ## - ADDED ENTRY--PERSONAL NAME
Personal name Pearton, Stephen J.
9 (RLIN) 39079
856 ## - ELECTRONIC LOCATION AND ACCESS
Uniform Resource Identifier <a href="http://doi.org/10.1007/978-1-4614-4337-7">http://doi.org/10.1007/978-1-4614-4337-7</a>
Link text Click Here to Access eBook
942 ## - ADDED ENTRY ELEMENTS (KOHA)
Koha item type eBooks
Holdings
Withdrawn status Lost status Damaged status Not for loan Home library Current library Date acquired Source of acquisition Total Checkouts Barcode Date last seen Uniform Resource Identifier Price effective from Koha item type
        IIA Library-Bangalore IIA Library-Bangalore 01/01/2013 Springer   EB545 05/11/2021 http://doi.org/10.1007/978-1-4614-4337-7 05/11/2021 eBooks

Powered by Koha